| 000 | 01531nam a2200397 a 4500 | ||
|---|---|---|---|
| 005 | 20180803164931.0 | ||
| 008 | 140221b1999 ck ||||| |||| 00| 0 spa d | ||
| 020 | _a9589550428 | ||
| 040 |
_aCO-BoIAVH _cCO-BoIAVH |
||
| 041 | _aspa | ||
| 044 | _ack | ||
| 082 |
_a508.866 _bC34s |
||
| 090 |
_aLB _b0052D |
||
| 100 | 1 | _aCastaño Uribe, Carlos | |
| 245 | 1 | _aSierras y serranías de Colombia | |
| 260 |
_aSantiago de Cali (Colombia): _bBanco de Occidente, _c1999. |
||
| 300 |
_a205 páginas _bilustraciones y fotografías a color _c34 cm. |
||
| 504 | _aIncluye referencias bibliográficas (Página 205). | ||
| 650 | 6 |
_aSistemas montañosos periféricos _zColombia |
|
| 650 | 6 |
_aEcosistemas de montaña _zColombia |
|
| 650 | 6 |
_aGeología _zColombia |
|
| 650 | 6 |
_aFlora _zColombia |
|
| 650 | 6 |
_aFauna _zColombia |
|
| 662 |
_aColombia _cSerranía de Chiribiquete _bCaquetá y Guaviare |
||
| 662 |
_aColombia _cSerranía de la Macarena _bMeta |
||
| 662 |
_aColombia _cSerranía de Naquén _bGuainía |
||
| 662 |
_aColombia _cSierra Nevada de Santa Marta _bCesar, Guajira y Magdalena |
||
| 662 |
_aColombia _cSerranía de Macuira _bGuajira |
||
| 662 |
_aColombia _cSerranía de San Jacinto _bSucre y Bolívar |
||
| 662 |
_aColombia _cSerranía de Perijá _bCesar |
||
| 662 |
_aColombia _cSerranía del Darién _bChocó |
||
| 662 |
_aColombia _cSerranía de San Lucas _bBolívar |
||
| 700 | 1 | _aGómez Durán, Camilo | |
| 700 | 1 | _aHurtado García, Andrés | |
| 942 |
_cLIBRO _2ddc |
||
| 999 |
_c1760 _d1760 |
||